Statistics for Famous Fictional Pets

Click here to take the quiz!

General Stats

  • This quiz has been taken 55 times
    (44 since last reset)
  • The average score is 14 of 22

Answer Stats

This person...From...Has a...Named...% Correct
Mickey MouseDisneyDogPluto
100%
Charlie BrownPeanutsDogSnoopy
97%
Mr. and Mrs. ClausSongReindeerDasher, Dancer / Prancer / Vixen / Comet / Cupid / Dunder / Donder / Donner / Blixem / Blixen / Blitzen / Rudolph
95%
DorothyThe Wizard of OZDogToto
95%
ShaggyCartoonDogScooby
87%
LiloDisney FilmGenetically-engineered ExtraterrestrialStitch
82%
Jon ArbuckleComic StripDog or CatGarfield / Odie
77%
Fred FlintstoneThe FlintsonesDinosaurDino
74%
Harry PotterHarry PotterOwlHedwig
74%
The GriffinsFamily GuyDogBrian
67%
CalvinComic StripTigerHobbes
67%
Bart SimpsonThe SimpsonsDogSanta's Little Helper
64%
Farmer Arthur HoggettKid's FlimPigBabe
59%
Elroy JetsonThe JetsonsDogAstro
54%
Ross GellerFriendsMonkeyMarcel
54%
AlladinAlladinMonkeyAbu
51%
Charlotte A. Cavatica or Fern ArableCharlotte's WebPigWilbur
46%
DilbertDilbertDogDogbert
41%
Martin CraneFraiserDogEddie
41%
AnnieLittle Orphan AnnieDogSandy
33%
Jon GhostGame of ThronesDirewolfGhost
28%
The Smith FamilyAmerican DadFishKlaus
5%

Score Distribution

Percentile by Number Answered

Percent of People with Each Score

Your Score History

You have not taken this quiz since the last reset